| 000 | 02439nam a22003737a 4500 | ||
|---|---|---|---|
| 003 | OSt | ||
| 005 | 20260604091600.0 | ||
| 008 | 260604b |||||||| |||| 00| 0 eng d | ||
| 040 |
_cFoundation University _aFoundation University _beng _dFoundation University |
||
| 050 |
_aGS (MAEDAdSup-Th) LG 221 D35 G73 _bA6 E38 A36 1988 V55 |
||
| 100 |
_aVillamor, George M., _97977 _eauthor. |
||
| 245 |
_aThe profile of teachers and the problems encountered in teaching agriculture in the public elementary and secondary schools of Dumaguete City / _cby George M. Villamor. |
||
| 260 |
_aDumaguete City : _bFoundation University , _c1988. |
||
| 264 | _41988. | ||
| 300 |
_axix, 152 leaves : _billustrations ; _c28 cm. _3thesis _fleaves |
||
| 336 |
_3rdacontent _atext _btxt |
||
| 337 |
_3rdamedia _aunmediated _bn |
||
| 338 |
_2rdacarrier _3GS-MAEDAdSup-Th _avolume _bnc |
||
| 490 | _aGS-MAEDAdSup-Th | ||
| 502 | _6Graduate thesis (Master of Arts in Education Major in Administration and Supervision) - - Foundation University, 1988. | ||
| 504 | _aIncludes bibliographical references and appendices. | ||
| 520 | _aThis study determined the profile of agriculture teachers and identified the problems encountered in teaching agriculture in the public elementary and secondary schools of Dumaguete City. It examined teacher characteristics, professional preparation, teaching experience, instructional practices, and challenges affecting the effective delivery of agriculture education. The findings served as a basis for recommendations to improve agriculture instruction in the schools. | ||
| 650 |
_aAgricultural education _917138 _zPhilippines _zDumaguete City. |
||
| 650 |
_aAgriculture _917139 _xStudy and teaching _zPhilippines |
||
| 650 |
_aTeachers _zPhilippines. _zDumaguete City. _917140 |
||
| 650 |
_aElementary school teachers _zPhilippines. _917141 |
||
| 650 |
_aHigh school teachers _zPhilippines. _917142 |
||
| 650 |
_aEducation, Rural _zPhilippines. _917143 |
||
| 650 |
_aVocational education _zPhilippines. _917136 |
||
| 658 |
_aThesis Writing 2 (Pre/Final Oral Defense : _bAdministration and Supervision, Master of Arts in Education ; _cMA 101 |
||
| 710 |
_aFoundation University (Dumaguete City). _bGraduate School, _edegree granting institution. _912576 |
||
| 900 | 0 | _4Sapalaran, James O., cataloger | |
| 942 |
_2lcc _cTH _n0 _hLG 221 D35 G73 _iA6 E38 A36 1988 V55 _kGS (MAEDAdSup-Th) |
||
| 999 |
_c6255 _d6255 |
||